000 01027nam a2200241 i 4500
001 49222
003 ES-MaACL
005 20230906161916.0
007 t|
008 030710s1888 sp |||| | spa d
080 _a622(460)
100 1 _aCortázar y Larrubia, Daniel de.
_940829
245 1 3 _aLa mina de Rio Tinto y sus calcinaciones
_b: discurso pronunciado en la conferencia del 26 de enero de 1888 celebrada en el Ateneo de Madrid /
_cpor Daniel Cortázar.
260 _aMadrid :
_b[s.n.],
_c1888 (
_fManuel G. Hernández)
300 _a29 p. ;
_c26 cm.
610 2 4 _aAteneo de Madrid-
_vConferencias-
_yS.XIX.
_91910
610 2 4 _aAteneo de Madrid-
_vObras digitalizadas.
_91930
650 _aMinería-
_zMinas de Riotinto.
_915059
650 _aMinería-
_zMinas de Riotinto.
_915059
710 2 _aAteneo de Madrid.
_91875
852 _aES-MaACL
_jT-834-F-4
_z.- Enc. en un vol. facticio conservando la enc. original
856 4 _uhttp://www.ateneodemadrid.com/biblioteca_digital/folletos/Folletos-0220.pdf
_zVer documento
999 _c49222
_d49222